Les plans d'expérience : de l'expérimentation à l'assurance qualité (Record no. 27596)

MARC details
000 -LEADER
fixed length control field 00558 a2200229 4500
020 ## - NUMERO INTERNATIONAL NORMALISE DES LIVRES
International Standard Book Number 2-12-450311-1
100 ## - VEDETTE PRINCIPALE - NOM DE PERSONNE
Personal name SADO, Gilles
130 ## - VEDETTE PRINCIPALE - TITRE UNIFORME
Language of a work Fr
260 ## - PUBLICATION, DISTRIBUTION, ETC. (IMPRINT)
Place of publication, distribution, etc Paris
260 ## - PUBLICATION, DISTRIBUTION, ETC. (IMPRINT)
Name of publisher, distributor, etc AFNOR
245 ## - TITLE STATEMENT
Title Les plans d'expérience : de l'expérimentation à l'assurance qualité
260 ## - PUBLICATION, DISTRIBUTION, ETC. (IMPRINT)
Date of publication, distribution, etc 1991
300 ## - PHYSICAL DESCRIPTION
Extent xi-261 p.
300 ## - PHYSICAL DESCRIPTION
Other physical details 24 cm
500 ## - GENERAL NOTE
General note Préface de Roger Phan-Tan-Luu
650 ## - SUBJECT ADDED ENTRY--TOPICAL TERM
Topical term or geographic name as entry element Expérimentation
650 ## - SUBJECT ADDED ENTRY--TOPICAL TERM
Topical term or geographic name as entry element Statistique
650 ## - SUBJECT ADDED ENTRY--TOPICAL TERM
Topical term or geographic name as entry element Analyses des données
700 1# - ADDED ENTRY--PERSONAL NAME
Personal name SADO, Marie Christine
Holdings
Withdrawn status Lost status Damaged status Not for loan Location (home branch) Sublocation or collection (holding branch) Date acquired Koha issues (times borrowed) Koha full call number Koha date last seen Copy number Price effective from Koha item type Public note
        Bibliothèque-Centre de Documentation de la Faculté des Sciences Agronomiques Bibliothèque-Centre de Documentation de la Faculté des Sciences Agronomiques     ESR.1991.048 28/02/2009 1 28/02/2009 Livre A.6899


© 2008, Bibliothèques de l'Université d'Abomey-Calavi

04 BP 789 Cotonou, Tél. : +229 21 36 01 01, Fax : +229 21 35 06 32

Courriel : bu@bu.uac.bj